000 00598nam a2200253Ia 4500
005 20260121160122.0
008 008 260114s9999 xx 000 0 eng d
020 _a9781315142043
037 _aEBOOK
040 _aCRL
040 _beng
040 _cCRL
041 _2eng
041 _aeng
084 _qCRL
100 _a Fonna Forman
_91027914
245 4 _aThe Adam Smith Review: Volume 10
260 _bTaylor and Francis
260 _c2018
856 _uhttp://www.taylorfrancis.com/books/9781315142043
942 _cEBOOK
999 _c1594733
_d1594733